000 00738nam a2200193Ia 4500
008 151121s9999||||xx |||||||||||||| ||und||
082 _a670/धोंगडे
082 _bHNW-112074
100 _aधोंगडे अश्विनी
245 _aबाळंतपण बोल अनुभवाचे
260 _b"दिलीपराज प्रकाशन प्रा। लि।, पुणे।"
260 _c2009
300 _a266
600 _aधोंगडे अश्विनी
630 _aबाळंतपण बोल अनुभवाचे
700 _aधोंगडे अश्विनी
730 _aबाळंतपण बोल अनुभवाचे
942 _cBOOK
999 _c1261429
_d1261426